000 01391nam a2200301 c 4500
003 BLK
005 20180422102124.0
008 180408b bul|||||r ||||||| ||bul||
010 _aKNG00061752000
040 _aBLK
041 _aBUL
_cBUL
080 _aБългарска литература
_b821.163.2
_x-8
_z821.163.2-8
700 1 _aКънчев, Стефан Иванов
_eсъстав.
_9287835
700 1 _aБосяцки, Евгений Димитров
_eхудож.
_9364675
700 1 _aМихайлова, Лиляна Георгиева
_eпредг. от
_9369584
139 _aУчителю мой
_bУ 94
245 1 0 _aУчителю мой
_bЛит. сб.
_cсъстав. Стефан Иванов Кънчев; худож. Евгений Димитров Босяцки; предг. от Лиляна Георгиева Михайлова.
257 _aBGR
260 София
_bНар. просв.
_c1987
300 _a360 с.
_c21 см
380 _aX
500 _aКн. е в папка. - Съдържа и Учителят в българската художествена литература. - 6 108 тир. - Библиогр. на произведения, невключени в сб. с. 351-356
852 _aЦб 147080
856 4 _qpdf
_u
856 4 _qpdf
_u
942 _cKNG
_n0
944 _aCR
_c13.06.2004
_kЧиталня
944 _aED
_c15.09.2017
_kЕлица_Владова
999 _c57744
_d57744